[Event "DEN-ch Seniors 65"]
[Site "Aalborg"]
[Date "2022.02.20"]
[Round "1"]
[White "Skovgaard, Tom"]
[Black "Rostgaard, Bjarne"]
[Result "1/2-1/2"]
[WhiteElo "1936"]
[BlackElo "1454"]
[PlyCount "96"]
[EventDate "2022.02.20"]
[EventType "swiss"]
[EventRounds "7"]
[EventCountry "DEN"]
[SourceTitle "EXT 2024"]
[Source "ChessBase"]
[SourceDate "2023.10.10"]
[SourceVersion "1"]
[SourceVersionDate "2023.10.10"]
[SourceQuality "1"]

1. e4 e6 2. d4 d5 3. Nd2 Nf6 4. e5 Nfd7 5. Bd3 c5 6. c3 Nc6 7. Ndf3 cxd4 8. cxd4 Bb4+ 9. Bd2 Qb6 10. Ne2 0-0 11. 0-0 f6 12. exf6 Nxf6 13. Rc1 Bd7 14. Bxb4 Qxb4 15. Qd2 Qd6 16. h3 Rae8 17. Rfe1 e5 18. dxe5 Nxe5 19. Ned4 Nxd3 20. Qxd3 Ne4 21. Re3 g5 22. Rf1 g4 23. hxg4 Bxg4 24. Nd2 Bh5 25. Nxe4 dxe4 26. Rg3+ Bg6 27. Qb3+ Kh8 28. Nc2 b6 29. Qc3+ Qe5 30. Rd1 Qxc3 31. Rxc3 Re7 32. Rd2 Kg7 33. Ne3 h5 34. Rdc2 Rff7 35. Rc6 Rd7 36. b4 Rf6 37. Rc7 Rxc7 38. Rxc7+ Rf7 39. Rc2 Rd7 40. Kf1 Kf6 41. Rc6+ Kf7 42. Nc4 Re7 43. a4 Kg7 44. a5 Be8 45. Rc8 Bb5 46. Ke1 Ba6 47. Rc6 Bb5 48. Rc8 Ba6 1/2-1/2